The State in a Changing World (Record no. 606)

MARC details
000 -LEADER
fixed length control field 00408nam a22001217a 4500
008 - FIXED-LENGTH DATA ELEMENTS--GENERAL INFORMATION
fixed length control field 230606b xxu||||| |||| 00| 0 eng d
020 ## - INTERNATIONAL STANDARD BOOK NUMBER
International Standard Book Number 0195211146
082 ## - DEWEY DECIMAL CLASSIFICATION NUMBER
Classification number 337.1
Item number WOR
245 ## - TITLE STATEMENT
Title The State in a Changing World
Remainder of title World Development Report 1997
Statement of responsibility, etc. The International Bank for Reconstruction and Development / The World Bank
260 ## - PUBLICATION, DISTRIBUTION, ETC. (IMPRINT)
Place of publication, distribution, etc. USA
Name of publisher, distributor, etc. Oxford University Press
Date of publication, distribution, etc. 1997
300 ## - PHYSICAL DESCRIPTION
Extent 265 p
942 ## - ADDED ENTRY ELEMENTS (KOHA)
Source of classification or shelving scheme Dewey Decimal Classification
Koha item type Books
Holdings
Withdrawn status Lost status Source of classification or shelving scheme Damaged status Not for loan Home library Current library Date acquired Total Checkouts Full call number Barcode Date last seen Price effective from Koha item type
    Dewey Decimal Classification     Bunge Tower Library Bunge Tower Library 06/06/2023   337.1 WOR 10015584 06/06/2023 06/06/2023 Books
    Dewey Decimal Classification     County Hall Archives County Hall Archives 07/04/2023   338.967 WOR 10010612 07/04/2023 07/04/2023 Books
LIBRARY OPENING HOURS

When the Parliament is sitting: 8.00a.m - 7.00p.m or until the house adjourns
Mondays and Fridays and when the House is on Recess:  8.00a.m - 5.00p.m
Closed on Weekends and Public Holidays

Online Public Access Catalog (OPAC)
Website: http://www.parliament.go.ke
Bunge Library: https://libraryir.parliament.go.ke
Contact: library@parliament.go.ke | Tel no: (254-2)2221291 or 2848000 Ext 5043